Statistiques concernant Pays ayant les plus longs littoraux

Cliquez ici pour prendre le quiz!

Statistiques générales

  • Ce quiz a été pris 91 fois
  • Le résultat moyen est 17 sur 20

Statistiques - réponses

Longueur (km)Réponse% Correct
22450Etats-Unis
100%
37653Russie
100%
29196Australie
98%
7367Brésil
98%
202080Canada
98%
6435Chili
95%
7000Inde
94%
15274Chine
93%
19193France
91%
29751Japon
91%
9330Mexique
91%
54716Indonésie
89%
15134Nouvelle-Zélande
85%
15910Royaume uni
80%
104600Norvège
78%
7914Italie
75%
52518Danemark (avec Groenland)
70%
8333Turquie
70%
14880Grèce
61%
36289Philippines
61%

Distribution des résultats

Percentile par nombre de réponses

% des personnes avec chaque résultat

Votre développement - résultats

Vous n’avez pas pris ce quiz